Taylor Swift mystery lyrics #1 - Statistics

General Stats
  • This quiz has been taken 464 times
    310 since last reset
  • The average score is 113 of 217
Answer Stats
Answer % Correct
I
99%
a
98%
you
96%
the
93%
and
83%
And
83%
it
79%
me
79%
we
79%
your
79%
to
78%
in
77%
be
75%
my
75%
is
71%
no
69%
go
68%
it's
68%
its
68%
It's
68%
of
68%
like
67%
You're
66%
know
64%
but
63%
that
62%
for
61%
one
60%
don't
59%
see
59%
what
59%
are
57%
can't
56%
have
56%
this
56%
was
56%
all
55%
A.M.
54%
say
54%
as
53%
just
50%
never
50%
Never
50%
2
47%
back
47%
time
46%
hand
45%
face
44%
oh
44%
only
44%
our
44%
out
43%
us
43%
'cause
42%
from
42%
now
41%
thing
41%
down
40%
mind
40%
Every
35%
way
35%
gonna
34%
here
33%
away
32%
without
32%
breathe
30%
Breathe
30%
friend
29%
wanna
29%
wanted
29%
Nothing
28%
thought
28%
doesn't
27%
end
26%
feelin'
26%
drive
25%
lost
25%
around
24%
easy
23%
really
23%
save
22%
aint
21%
break
21%
hurt
21%
People
21%
people
21%
sad
21%
after
20%
change
20%
sometimes
20%
clean
19%
fall
19%
none
19%
simple
19%
work
19%
minds
18%
bring
17%
killing
17%
movie
17%
Hope
16%
little
16%
ending
15%
it'll
15%
kinda
15%
Music
14%
road
14%
starts
14%
bump
13%
playin'
13%
Sorry
13%
sorry
13%
tragedy
13%
tried
13%
swerve
12%
No matching quizzes found
Score Distribution
Percent of People with Each Score
Percentile by Number Answered
Your Score History
You have not taken this quiz since the last reset